| 000 | 00545nam a2200145Ia 4500 | ||
|---|---|---|---|
| 008 | 170221s9999 xx 000 0 und d | ||
| 100 | _aAbdullah Waleed Almudallal | ||
| 245 | _aKnowledge Management in the Palestinian Higher Education: A Research Agenda | ||
| 245 | _cAbdullah Waleed Almudallal, Syaharizatul Noorizwan Muktar, Norhani Bakri | ||
| 260 | _bInternational Review of Management and Marketing | ||
| 260 | _c2016 | ||
| 300 | _a15 : 21 | ||
| 650 | _xMarketing. | ||
| 856 | _uhttp://www.econjournals.com/index.php/irmm/issue/view/77 | ||
| 999 |
_c312133 _d312133 |
||